<?xml version="1.0" encoding="UTF-8"?><?xml-stylesheet type="text/xsl" href="static/style.xsl"?><OAI-PMH xmlns="http://www.openarchives.org/OAI/2.0/" xmlns:xsi="http://www.w3.org/2001/XMLSchema-instance" xsi:schemaLocation="http://www.openarchives.org/OAI/2.0/ http://www.openarchives.org/OAI/2.0/OAI-PMH.xsd"><responseDate>2026-04-26T20:26:30Z</responseDate><request verb="GetRecord" identifier="oai:uvadoc.uva.es:10324/45191" metadataPrefix="marc">https://uvadoc.uva.es/oai/request</request><GetRecord><record><header><identifier>oai:uvadoc.uva.es:10324/45191</identifier><datestamp>2021-06-30T05:16:29Z</datestamp><setSpec>com_10324_38</setSpec><setSpec>col_10324_852</setSpec></header><metadata><record xmlns="http://www.loc.gov/MARC21/slim" xmlns:doc="http://www.lyncode.com/xoai" xmlns:xsi="http://www.w3.org/2001/XMLSchema-instance" xmlns:dcterms="http://purl.org/dc/terms/" xsi:schemaLocation="http://www.loc.gov/MARC21/slim http://www.loc.gov/standards/marcxml/schema/MARC21slim.xsd">
<leader>00925njm 22002777a 4500</leader>
<datafield tag="042" ind1=" " ind2=" ">
<subfield code="a">dc</subfield>
</datafield>
<datafield tag="720" ind1=" " ind2=" ">
<subfield code="a">García Rebollar, Antonio León</subfield>
<subfield code="e">author</subfield>
</datafield>
<datafield tag="260" ind1=" " ind2=" ">
<subfield code="c">2019</subfield>
</datafield>
<datafield tag="520" ind1=" " ind2=" ">
<subfield code="a">El contraste que surge entre las dos parcelas personales de un mercader-banquero del siglo&#xd;
XVI, la mundana o temporal en contraposición a la religiosa y espiritual, es la base de este trabajo&#xd;
que trata de mostrar cómo era ese mundo de los mercaderes, así como las consecuencias que tenían&#xd;
sus actividades comerciales y financieras sobre algo muy estimable en el ser humano como era su&#xd;
conciencia, su percepción de la búsqueda de méritos para el tránsito hacia el “más allá”. Simón Ruiz&#xd;
supone una pieza clave en ese análisis, pues nos permite conocerle mejor a través de su archivo y&#xd;
amplia correspondencia.</subfield>
</datafield>
<datafield tag="520" ind1=" " ind2=" ">
<subfield code="a">The contrast that arises between the two personal plots of a merchant-banker of the 16th&#xd;
century, the mundane or temporary one as opposed to the religious and spiritual, is the basis of this&#xd;
work that tries to show what that world of merchants was like, as well as the consequences of their&#xd;
comercial and financial activities about something very valuable in the human being as was his&#xd;
conscience, his perception of the search for merits for the transit to the ultraworld. Simón Ruiz is a&#xd;
key piece in that analisys. It allows us to know him better through his file and extensive&#xd;
correspondence.</subfield>
</datafield>
<datafield tag="024" ind2=" " ind1="8">
<subfield code="a">http://uvadoc.uva.es/handle/10324/45191</subfield>
</datafield>
<datafield tag="245" ind1="0" ind2="0">
<subfield code="a">Los mundos temporal, religioso y espiritual de un mercader castellano del siglo XVI: Simón Ruiz</subfield>
</datafield>
</record></metadata></record></GetRecord></OAI-PMH>